Music Quiz

Random Music or Song Quiz

Josh Groban Songs Quiz Stats

 Plays Quiz Updated Aug 7, 2021

     
Support Sporcle.
Go Orange.
Score 0/114 Timer 10:00
0 Plays Today
Album Title Song Title % Correct
CloserYou Raise Me Up
74.9%
AwakeYou Are Loved (Don't Give Up)
43.4%
Josh GrobanTo Where You Are
42%
Josh GrobanThe Prayer
40.6%
AwakeFebruary Song
39.2%
CloserOceano
39%
NoëlSilent Night
38.3%
CloserRemember When It Rained
37.1%
AwakeSo She Dances
35.7%
AwakeMachine
34.3%
AwakeMai
33.6%
NoëlThe First Noël
33.3%
StagesBring Him Home
33%
Josh GrobanYou're Still You
31.9%
Josh GrobanVincent (Starry, Starry Night)
31.7%
AwakeWeeping
31.7%
All That EchoesBrave
31.3%
AwakeLullaby
31.1%
NoëlLittle Drummer Boy
31%
CloserMy Confession
30.9%
CloserWhen You Say You Love Me
30.7%
CloserPer Te
30.5%
StagesPure Imagination
30.4%
AwakeIn Her Eyes
30.4%
CloserBroken Vow
30.2%
IlluminationsHigher Window
29.1%
StagesAll I Ask of You
27.8%
NoëlAve Maria
27.2%
IlluminationsHidden Away
26.7%
IlluminationsBells of New York City
26.2%
AwakeNow Or Never
25.2%
Josh GrobanAlejate
24.8%
NoëlI'll Be Home for Christmas
24.1%
Josh GrobanLet Me Fall
23.5%
CloserMi Mancherai
23.1%
StagesAnthem
23%
CloserNever Let Go
22.6%
CloserCaruso
22.3%
Album Title Song Title % Correct
NoëlThe Christmas Song
21.7%
NoëlAngels We Have Heard on High
21.2%
BridgesGranted
21.2%
BridgesRiver
21.2%
IlluminationsWar at Home
21.2%
AwakeSolo Por Ti
21.1%
All That EchoesFalling Slowly
20.9%
Josh GrobanHome to Stay
20.9%
Josh GrobanAlla Luce del Sole
20.7%
StagesWhat I Did for Love
20.4%
Josh GrobanCanto Alla Vita
19.9%
IlluminationsThe Wandering Kind (Prelude)
19.7%
Josh GrobanGira con Me
19.7%
StagesChildren Will Listen/Not While I'm Around (Sweeney Todd)
19.6%
NoëlThankful
19.6%
Bridges99 Years
19.5%
Josh GrobanJesu, Joy of Man's Desiring
19.4%
IlluminationsGalileo (Someone Like You)
19.1%
StagesOver the Rainbow
18.7%
StagesYou'll Never Walk Alone
18.7%
BridgesBridge over Troubled Water
18.6%
StagesFinishing the Hat
18.3%
IlluminationsStraight to You
18.1%
All That EchoesFalse Alarms
17.8%
All That EchoesHollow Talk
17.8%
Josh GrobanCinema Paradiso
17.8%
IlluminationsIf I Walk Away
17.1%
All That EchoesShe Moved Through the Fair
17%
BridgesSymphony
16.8%
BridgesRun
16.8%
NoëlPetit Papa Noël
16.8%
All That EchoesThe Moon is a Harsh Mistress
16.5%
StagesIf I Loved You
16.5%
IlluminationsLove Only Knows
16.4%
AwakeUn Giorno Per Noi
16.3%
CloserSi Volvieras a Mi
16.2%
NoëlWhat Child Is This?
16.2%
All That EchoesHappy in My Heartache
16.1%
Album Title Song Title % Correct
StagesTry to Remember
16.1%
NoëlIt Came Upon a Midnight Clear
16%
IlluminationsLondon Hymn
15.7%
AwakeL'Ultima Notte
15.6%
CloserHymne a l'amour
15.5%
NoëlO Come All Ye Faithful
15.4%
BridgesWe Will Meet Once Again
15%
All That EchoesBelow the Line
14.8%
All That EchoesUn alma más
14.8%
Josh GrobanUn Amore per Sempre
14.6%
CloserAll'improvviso Amore
14.6%
HarmonyAngels
14.3%
HarmonyShe
14.3%
BridgesMore of You
14.2%
All That EchoesSincera
13.5%
BridgesBigger than Us
13.3%
NoëlPanis Angelicus
12.9%
StagesOld Devil Moon
12.6%
IlluminationsVocê Existe em Mim
12.4%
BridgesWon't Look Back
12.4%
AwakeUn Dia Llegara
10.5%
All That EchoesI Believe (When I Fall in Love It Will Be Forever)
10%
BridgesMúsica del Corazón
9.7%
IlluminationsL'Ora Dell'Addio
8.9%
IlluminationsAu Jardin des Sans-Pourquoi
8%
HarmonyCelebrate Me Home
7.1%
HarmonyShape of My Heart
7.1%
HarmonyYour Face
7.1%
HarmonyIt's Now or Never
7.1%
StagesLe temps des cathédrales
6.5%
All That EchoesE ti prometterò
5.2%
BridgesS'il suffisait d'aimer
3.5%
HarmonyThe World We Knew (Over and Over)
0%
HarmonyBoth Sides Now
0%
HarmonyThe Impossible Dream
0%
HarmonyThe First Time Ever I Saw Your Face
0%
HarmonyI Can't Make You Love Me
0%
HarmonyThe Fullest
0%

From the Vault

3 Letter Words in 1970s Songs

by AwesumJuan

Music 2m
Why use lot letter when few letter do trick?
Remove Ads.
Support Sporcle.
Get the best of Sporcle when you Go Orange. This ad-free experience offers more features, more stats, and more fun while also helping to support Sporcle. Thank you for becoming a member.

Show Comments

Extras

Top Quizzes Today


Score Distribution

Your Account Isn't Verified!

In order to create a playlist on Sporcle, you need to verify the email address you used during registration. Go to your Sporcle Settings to finish the process.

Report this User

Report this user for behavior that violates our Community Guidelines.

Details: